Grandes civilizaciones. Antiguo Oriente - Egipto - Asia
| Main Author: | |
|---|---|
| Format: | Section = Libro |
| Language: | Undetermined Spanish |
| Published: |
España
Espasa Calpe, S.A.
2005
|
| Subjects: |
| LEADER | 00661nam a2200241Ia 4500 | ||
|---|---|---|---|
| 008 | 240829s9999 xx 000 0 und d | ||
| 020 | |a 84-670-1527-6 | ||
| 040 | |a BIBLIOTECA-RUSB/ Ref 909 E77 | ||
| 041 | |a spa | ||
| 082 | |a Ref 909 E77 | ||
| 100 | 1 | |a España. Espasa Calpe | |
| 245 | 1 | 0 | |a Grandes civilizaciones. Antiguo Oriente - Egipto - Asia |
| 260 | |a España |b Espasa Calpe, S.A. |c 2005 | ||
| 300 | |a 223 p. :il. | ||
| 650 | 7 | |a GRECIA | |
| 650 | 7 | |b CIVILIZACION MUSULMANA | |
| 650 | 7 | |c VIVILIZACION CARTAGINESE | |
| 650 | 7 | |d CIVILIZACION ELENISTICA | |
| 650 | 7 | |e ROMA | |
| 650 | 7 | |f IMPERIO OTOMANO | |
| 942 | |c BK |2 ddc | ||
| 991 | |a TEXTO | ||
| 999 | |c 6687 | ||